[Event "Mumbai Aurionpro GM op"]
[Site "Mumbai"]
[Date "2025.06.17"]
[Round "2"]
[White "Gharibyan, Mamikon"]
[Black "Nishant, Abhijeet Jawalkar"]
[Result "1-0"]
[WhiteElo "2472"]
[BlackElo "1972"]
[PlyCount "113"]
[EventDate "2025.06.16"]
[EventType "swiss"]
[EventRounds "9"]
[EventCountry "IND"]
[SourceTitle "CB26_2025"]
[SourceDate "2025.06.25"]
[SourceVersion "1"]
[SourceVersionDate "2025.06.25"]
[SourceQuality "1"]

1. d4 Nf6 2. c4 g6 3. Nc3 Bg7 4. e4 d6 5. Nf3 0-0 6. Be2 e5 7. 0-0 Nc6 8. d5 Ne7 9. b4 a5 10. bxa5 Rxa5 11. a4 Ne8 12. Ba3 b6 13. Bb4 Ra8 14. Nd2 f5 15. Nb5 fxe4 16. Nxe4 Bd7 17. a5 bxa5 18. Rxa5 Bxb5 19. Rxb5 Nf5 20. Bc3 Nd4 21. Bxd4 exd4 22. Bd3 Be5 23. g3 Ng7 24. Qg4 Ra3 25. Rd1 Nf5 26. Rb2 Re8 27. h4 Nh6 28. Qh3 Nf7 29. Re2 Bg7 30. f4 Qb8 31. Rde1 Rf8 32. Nf2 Rxd3 33. Nxd3 Qb3 34. Rd2 Qxc4 35. Qe6 c6 36. dxc6 Qxc6 37. Nf2 Qc3 38. Rd3 Qa5 39. Kg2 Kh8 40. Rc1 Qa8+ 41. Qe4 Qa2 42. Rf3 Nh6 43. Rc2 Qf7 44. g4 Re8 45. Qc6 Rd8 46. Qb6 Qf8 47. Rc7 Rb8 48. Rb7 Rxb7 49. Qxb7 Ng8 50. f5 gxf5 51. Rxf5 Qe8 52. Rf7 Qe5 53. Qe4 Qc5 54. Rb7 d5 55. Qe6 Qf8 56. g5 h6 57. Rc7 1-0

[Event "Bhubaneswar op 16th"]
[Site "Bhubaneswar"]
[Date "2025.05.10"]
[Round "2"]
[White "Nishant, Abhijeet Jawalkar"]
[Black "Ziatdinov, Raset"]
[Result "1/2-1/2"]
[WhiteElo "1900"]
[BlackElo "2079"]
[PlyCount "142"]
[EventDate "2025.05.09"]
[EventType "swiss"]
[EventRounds "10"]
[EventCountry "IND"]
[SourceTitle "CB21_2025"]
[SourceDate "2025.05.21"]
[SourceVersion "1"]
[SourceVersionDate "2025.05.21"]
[SourceQuality "1"]

1. e4 c5 2. Nf3 Nc6 3. d4 cxd4 4. Nxd4 g6 5. c4 Bg7 6. Be3 Nf6 7. Nc3 0-0 8. Be2 b6 9. 0-0 Bb7 10. Rc1 Rc8 11. f3 Nh5 12. b3 Nf4 13. Bxf4 Nxd4 14. Be3 Nxe2+ 15. Nxe2 f5 16. exf5 gxf5 17. Qd2 Rc6 18. Rcd1 Rd6 19. Qc1 Qc7 20. Rxd6 Qxd6 21. Rd1 Qc6 22. Nd4 Qg6 23. Bg5 e5 24. Nb5 f4 25. h4 Bxf3 26. gxf3 h6 27. Qb1 Qxb1 28. Rxb1 hxg5 29. hxg5 Rf5 30. Rd1 Rxg5+ 31. Kf2 Bf8 32. Rxd7 Bc5+ 33. Ke2 Rg2+ 34. Kd3 Rxa2 35. Rxa7 Rb2 36. Ke4 Rxb3 37. Kxe5 Rxf3 38. Nc7 Re3+ 39. Kxf4 Rc3 40. Ne6 Rxc4+ 41. Ke5 Bf2 42. Kf6 Bh4+ 43. Kg6 Rg4+ 44. Kf5 Rg1 45. Rb7 Rf1+ 46. Ke5 Bf2 47. Kd5 Rc1 48. Rc7 Rb1 49. Kc4 Re1 50. Kd5 Rd1+ 51. Kc4 Rd6 52. Rg7+ Kh8 53. Rg2 Be3 54. Ng5 Rd4+ 55. Kc3 b5 56. Nf3 b4+ 57. Kb3 Rf4 58. Ne5 Rf5 59. Ng6+ Kh7 60. Ne7 Rb5 61. Nc6 Rb6 62. Ne5 Bd4 63. Rh2+ Kg7 64. Rg2+ Kh6 65. Rh2+ Kg7 66. Rg2+ Kh6 67. Rg6+ Rxg6 68. Nxg6 Bc5 69. Ne5 Kg5 70. Nd3 Bf8 71. Nxb4 Bxb4 1/2-1/2

[Event "Sitges op 48th"]
[Site "Sitges"]
[Date "2024.07.28"]
[Round "7"]
[White "Nishant, Abhijeet Jawalkar"]
[Black "Webb, Laurence"]
[Result "1/2-1/2"]
[WhiteElo "1954"]
[BlackElo "2237"]
[PlyCount "108"]
[EventDate "2024.07.22"]
[EventType "swiss"]
[EventRounds "9"]
[EventCountry "ESP"]
[SourceTitle "CBM 221 Extra"]
[Source "ChessBase"]
[SourceDate "2024.09.30"]
[SourceVersion "1"]
[SourceVersionDate "2024.09.30"]
[SourceQuality "1"]

1. e4 e6 2. d4 d5 3. Nc3 Bb4 4. e5 c5 5. a3 Bxc3+ 6. bxc3 Qa5 7. Bd2 Qa4 8. Qb1 c4 9. Be2 Nc6 10. Bh5 Bd7 11. Ne2 g6 12. Bf3 0-0-0 13. h4 f6 14. exf6 Nxf6 15. Bg5 Rdf8 16. Qc1 e5 17. Bxf6 Rxf6 18. dxe5 Nxe5 19. Bxd5 Qa5 20. Qg5 Rf5 21. Qd2 Nd3+ 22. cxd3 Qxd5 23. 0-0 Bc6 24. f3 Qxd3 25. Qxd3 cxd3 26. Nd4 Rc5 27. Rac1 d2 28. Rcd1 Rxc3 29. Rxd2 Rd8 30. Rc2 Rxc2 31. Nxc2 Rd2 32. Rc1 Kd7 33. Ne3 Ra2 34. Rc3 Kd6 35. f4 Be4 36. g4 b5 37. h5 gxh5 38. gxh5 a6 39. h6 Rd2 40. a4 Rd3 41. Rxd3+ Bxd3 42. axb5 axb5 43. Kf2 b4 44. Nd1 Kd5 45. Nb2 Bg6 46. Ke3 Bf5 47. Na4 b3 48. Kd2 Kc4 49. Nb2+ Kd4 50. Na4 Bc2 51. Nc3 Kc5 52. Kc1 Kc4 53. Kb2 Kd4 54. Ne2+ Ke4 1/2-1/2

[Event "Sitges op 48th"]
[Site "Sitges"]
[Date "2024.07.27"]
[Round "6"]
[White "Gutierrez Espinosa, Karen"]
[Black "Nishant, Abhijeet Jawalkar"]
[Result "1/2-1/2"]
[WhiteElo "2084"]
[BlackElo "1954"]
[PlyCount "137"]
[EventDate "2024.07.22"]
[EventType "swiss"]
[EventRounds "9"]
[EventCountry "ESP"]
[SourceTitle "CBM 221 Extra"]
[Source "ChessBase"]
[SourceDate "2024.09.30"]
[SourceVersion "1"]
[SourceVersionDate "2024.09.30"]
[SourceQuality "1"]

1. e4 e5 2. Nf3 Nc6 3. Bb5 a6 4. Ba4 Nf6 5. Qe2 b5 6. Bb3 Bc5 7. c3 0-0 8. 0-0 Re8 9. h3 h6 10. Rd1 d5 11. d3 Bf8 12. Nbd2 Na5 13. Bc2 c5 14. a4 Rb8 15. axb5 axb5 16. Nb3 Nc6 17. exd5 Nxd5 18. Be3 Qf6 19. c4 Ndb4 20. Nxc5 Nxc2 21. Qxc2 Bxh3 22. Ra6 Nb4 23. Rxf6 Nxc2 24. Rc6 Nxe3 25. fxe3 Bg4 26. Rd2 f6 27. Ne4 bxc4 28. dxc4 Bf5 29. Nd6 Bxd6 30. Rcxd6 Rec8 31. Rf2 Bh7 32. Nd2 Rxb2 33. Rf1 Kf8 34. Ra1 Ke7 35. Rd5 Rb7 36. Rc1 Bg8 37. Ra5 Rd7 38. Ra2 Rc5 39. Kf2 e4 40. Rac2 Rdc7 41. Nxe4 Rxc4 42. Rxc4 Rxc4 43. Rxc4 Bxc4 44. Ng3 g6 45. Ne4 Bd5 46. Nc3 Bc6 47. Ne2 Kd6 48. Nf4 Be4 49. Ne2 Ke5 50. Nd4 h5 51. Ne2 g5 52. Ng3 h4 53. Ne2 f5 54. Ng1 g4 55. Ne2 Bxg2 56. Kxg2 Ke4 57. Nf4 Kxe3 58. Ng6 f4 59. Nxh4 Ke2 60. Nf5 f3+ 61. Kh2 Kf2 62. Ng3 Ke1 63. Kg1 Kd1 64. Kf2 Kd2 65. Ne4+ Kd3 66. Nf6 g3+ 67. Kxg3 Ke2 68. Ng4 f2 69. Nxf2 1/2-1/2

[Event "Sitges op 48th"]
[Site "Sitges"]
[Date "2024.07.26"]
[Round "5"]
[White "Barwinska, Ewa"]
[Black "Nishant, Abhijeet Jawalkar"]
[Result "0-1"]
[WhiteElo "2035"]
[BlackElo "1954"]
[PlyCount "122"]
[EventDate "2024.07.22"]
[EventType "swiss"]
[EventRounds "9"]
[EventCountry "ESP"]
[SourceTitle "CBM 221 Extra"]
[Source "ChessBase"]
[SourceDate "2024.09.30"]
[SourceVersion "1"]
[SourceVersionDate "2024.09.30"]
[SourceQuality "1"]

1. e4 e5 2. Nf3 Nc6 3. Bb5 a6 4. Ba4 Nf6 5. 0-0 b5 6. Bb3 Bc5 7. c3 d6 8. d4 Bb6 9. h3 Bb7 10. Re1 Ne7 11. Bc2 Ng6 12. Nbd2 0-0 13. Nf1 c5 14. d5 c4 15. Be3 Bc8 16. a4 Bd7 17. Ng3 Bxe3 18. Rxe3 Qb6 19. a5 Qc5 20. b4 cxb3 21. Bxb3 b4 22. c4 Rab8 23. Ne1 Nf4 24. Ne2 N6h5 25. Nc1 f5 26. Ncd3 Nxd3 27. Nxd3 Qd4 28. Ne1 Nf4 29. Nf3 Qc5 30. Qd2 Rf6 31. exf5 Bxf5 32. Kh2 Qc8 33. Ng1 Kh8 34. Ne2 Nxe2 35. Qxe2 Qc5 36. Rf3 Rbf8 37. Qe3 Qc7 38. Qb6 Qe7 39. Qxb4 e4 40. Rg3 Bxh3 41. gxh3 Rxf2+ 42. Kg1 e3 43. Qe1 Qe5 44. Rg2 Qb2 45. Rg3 e2 46. Re3 Qxa1 47. Qxa1 Rf1+ 48. Kg2 Rxa1 49. Rxe2 Rxa5 50. Re6 Rd8 51. Bd1 Ra1 52. Bg4 Rc1 53. Be2 a5 54. Re7 a4 55. Kf3 Rc3+ 56. Ke4 g6 57. Kd4 Rxh3 58. Ra7 a3 59. Bd3 Rf8 60. Rxa3 Rf4+ 61. Kc3 Rxd3+ 0-1